Biblioteca ESET

Obra reunida (Registro nro. 1156)

Detalles MARC
000 -CABECERA
fixed length control field 01537nam a22002537a 4500
003 - CONTROL NUMBER IDENTIFIER
control field AR-BeUNQ
005 - FECHA Y HORA DE LA ULTIMA TRANSACCION
control field 20241213134147.0
008 - ELEMENTOS DE LONGITUD FIJA-INFORMACION GENERAL
fixed length control field 241213b20232024||| e i|| 001 j spa d
020 ## - NUMERO INTERNACIONAL NORMALIZADO PARA LIBROS
Número Internacional Normalizado del libro 9789878667219
040 ## - FUENTE DE CATALOGACION
Agencia de catalogación original AR-BeUNQ
Idioma de catalogación ESPAÑOL
Agencia que realiza la transcripción AR-BeUNQ
Convenciones de la descripción aacr
082 ## - NUMERO DE CLASIFICACION DECIMAL DEWEYMBER
Número de la edición 21
Número de clasificación A863 CHA
100 ## - ASIENTO PRINCIPAL-NOMBRE PERSONAL
Nombre personal Chappa, Pedro
Títulos u otras palabras asociadas al nombre aut.
Fecha asociada al nombre 1946
245 ## - MENCION DE TITULO
Título Obra reunida
Mención de responsabilidad, etc Pedro Chappa
Medio físico libro
250 ## - MENCION DE EDICION
Mención de edición 1a.ed
Resto de la mención de edición especial
260 ## - PUBLICACION, DISTRIBUCION, ETC.
Lugar de publicación, distribución, etc. Ciudad Autónoma de Buenos Aires :
Nombre del editor, distribuidor, etc. Leviatán,
Fecha de publicación, distribución, etc 2023
300 ## - DESCRIPCION FISICA
Extensión 224 p. ;
Dimensiones 29 x 14 cm
490 ## - MENCION DE SERIE
Mención de serie Edició n para la Dirección General de Cultura y Escuelas de la provincia de Buenos Aires
500 ## - NOTA GENERAL
Nota general Una voz desde el margen. Y usted. Cajas Chinas. Cajas Chinas II. A usted. Así fue. Leyenda del pampa de los ojos azules. El Meni. El Territorial. Breve historia de Plumetí. Manguruyú. Urdino. Lingüísticas. De gauchos Puntillas y -coraje, Cálculo. El Encuentro. Inocencias Perdidas. Rescates. Resignación. Idelma. Distintos tonos de verde. Accidentes botánicos. Melita y los combates, El Adoquin, El Angel encargado de construir mi dia. El Juano. Vida Recoleta. Fábula Niña. Hasta el milenio que viene. Junto al camino con un raída Stetson sobre los ojos. Deserción o la escena de la ventana. Pescadores. Cachorros. la noche de las pléyades.
650 ## - ASIENTO SECUNDARIO DE MATERIA - TERMINO TEMATICO
Fuente del encabezamiento o términ tell
Término temático o nombre geográfico como elemento de entrada Narrativa Argentina
651 ## - ASIENTO SECUNDARIO DE MATERIA - NOMBRE GEOGRAFICO
Fuente del encabezamiento o término unescot
Nombre geográfico Argentina
700 ## - ASIENTO SECUNDARIO - NOMBRE DE PERSONA
Personal name Muller Sueldo, María
Dates associated with a name prol.
929 ## - DATOS DE ADQUISICION
Procedencia DONACION
Proveedor Ministerio de Educación de la Provincia de Buenas Aires
Orden de compra 0
Precio 0
Fecha de recibido 05/11/2024
Patrimonio UNQ PAT0082636
Número de inventario 62871
942 ## - ELEMENTOS DE PUNTO DE ACCESO ADICIONAL (KOHA)
Tipo de ítem Koha Libros
Existencias
Estado de retiro Estado de pérdida Ubicación permanente Ubicación actual Ubicación en estantería Fecha de ingreso Total Checkouts Signatura topográfica completa Inventario Date last seen Tipo de ítem Koha Operador
    Biblioteca ESET - UNQ Biblioteca ESET - UNQ CIRCULACION 05/11/2024   A863 CHA 62871 13/12/2024 Libros Gladys Alarcon

ESET UNQ

☏ 4365-7188
 Avenida República de Francia 1714 entre Doctor Kenny y Concordia, Ezpeleta, Bs As.
✉ secretaria_eset@unq.edu.ar

Con tecnología Koha